Hódmezővásárhely szelektív hulladékgyűjtési programja

Elmentve itt :
Bibliográfiai részletek
Szerző: Mák Anita
További közreműködők: Édes Katalin (Témavezető)
Dokumentumtípus: Szakdolgozat
Megjelent: 2004
Kulcsszavak:Hulladékgazdálkodás
Szelektív hulladékgyűjtés
Hódmezővásárhely
Tárgyszavak:
Online Access:http://diploma.bibl.u-szeged.hu/101516
LEADER 00763nta a2200229 i 4500
001 dipl101516
005 20211126105109.0
008 211110s2004 hu om 0|| hun d
040 |a SZTE Diploma Repozitórium  |b hun 
041 |a hun 
100 1 |a Mák Anita 
245 1 0 |a Hódmezővásárhely szelektív hulladékgyűjtési programja  |h [elektronikus dokumentum] /  |c Anita Mák 
260 |c 2004 
300 |a 48 
650 4 |a Agrár 
650 4 |a Agricultural sciences 
650 4 |a Agriculture, forestry and fisheries 
695 |a Hulladékgazdálkodás 
695 |a Szelektív hulladékgyűjtés 
695 |a Hódmezővásárhely 
700 1 |a Édes Katalin  |e ths 
856 4 0 |u http://diploma.bibl.u-szeged.hu/id/eprint/101516/1/2004_mak_anita.pdf  |z Dokumentum-elérés